000 00433nam a2200169Ia 4500
005 20250508163154.0
008 008 250505s9999 xx 000 0 hin d
037 _aReference
040 _aFEDL
_beng
_cFEDL
041 _ahin
_2eng
084 _a370.15, DAV
_qFEDL
100 _aDave Indu
245 0 _aShiksha ke manovaigyanik aadhar
300 _a426p
942 _cREF
_h370.15, DAV
999 _c1381287
_d1381287